| 000 | 00722cam a2200253Ia 4500 | ||
|---|---|---|---|
| 001 | 78037 | ||
| 005 | 20230410115830.0 | ||
| 008 | 990423s1998 mx b 000 0 spa d | ||
| 035 | _a(OCoLC)ocm41240861 | ||
| 040 |
_aDQ$ _bspa _cDQ$ _dOCLCQ |
||
| 020 | _a968856608X | ||
| 020 | _a9789688566084 | ||
| 035 | _a(OCoLC)41240861 | ||
| 050 | 1 | 4 |
_aHM66 _bT314 1998 |
| 245 | 0 | 0 |
_aTeoría sociológica y modernidad : _bBalance del pensamiento clásico / _cGina Zabludovsky, coordinadora. |
| 260 |
_aMéxico : _bUNAM _bPlaza y Valdés, _cval. |
||
| 300 |
_a390 p. ; _c23 cm. |
||
| 504 | _aBibliografía. | ||
| 650 | 4 | _aSociología. | |
| 700 | 1 | _aZabludovsky, Gina. | |
| 942 |
_2lcc _cbk |
||
| 946 | _aPP | ||
| 994 |
_aC0 _bDRFGD |
||
| 999 |
_c48822 _d48822 |
||